| 000 | 00727nam a22002057a 4500 | ||
|---|---|---|---|
| 999 |
_c17595 _d17595 |
||
| 003 | AR-CdUCM | ||
| 008 | 190329b ||||| |||| 00| 0 spa d | ||
| 040 |
_aMUNICIPALIDAD PROVINCIAL DEL CUSCO _cBIBLIOTECA MUNICIPAL DEL CUSCO |
||
| 082 |
_a869.508 / _bAR76 |
||
| 100 |
_aArona, Juan De _926850 |
||
| 245 | _aDiccionario de peruanismos / | ||
| 260 |
_aParis : _bDesclée, de brouwer, _c1938. |
||
| 300 |
_a399 páginas ; _c18 cm. |
||
| 440 |
_aBiblioteca de cultura peruana _n10 _937702 |
||
| 505 | _aContenido: Bibliografía de americanismos -- Observaciones generales -- Advertencias -- Diccionario ... | ||
| 650 |
_aPeruanismos _910937 |
||
| 650 |
_aDiccionario _95196 |
||
| 942 |
_2ddc _cLIBROS |
||
| 945 |
_arah _d09/05/2019 |
||